[Event "Sparkassen-Open B"]
[Site "Heusenstamm, Martinsee"]
[Date "2022.11.18"]
[Round "3.1"]
[White "Vranckx, Oscar"]
[Black "Gräßer, Malte"]
[Result "1-0"]
[WhiteElo "1629"]
[BlackElo "1605"]
[PlyCount "75"]
[EventDate "2022.??.??"]
[WhiteTeam "Sfr.Mainz 1928"]
[BlackTeam "Sfr.Heidesheim"]

1. e4 e6 2. d4 d5 3. Nd2 Nf6 4. e5 Nfd7 5. f4 c5 6. c3 Nc6 7. Ndf3 Qb6 8. Ne2
Be7 9. g3 cxd4 10. cxd4 Bb4+ 11. Bd2 Bxd2+ 12. Qxd2 Qb4 13. Nc3 Nb6 14. a3 Qe7
15. Bd3 a6 16. O-O Bd7 17. Rac1 Rc8 18. b4 Na7 19. Qe2 Nc4 20. Bxc4 Rxc4 21. f5
Nb5 22. f6 Qf8 23. Nxb5 Bxb5 24. Qa2 Rc6 25. Rxc6 bxc6 26. fxg7 Qxg7 27. Rf2
Rg8 28. Qc2 h6 29. a4 Bc4 30. Nd2 Kd7 31. Nxc4 dxc4 32. Qxc4 Ra8 33. Rc2 Rc8
34. Qxa6 Qg4 35. Qd3 Rb8 36. Qc3 Rc8 37. b5 Qe4 38. a5 1-0

[Event "Sparkassen-Open B"]
[Site "Heusenstamm, Martinsee"]
[Date "2022.11.18"]
[Round "3.2"]
[White "Steinke, Hans-Jörg"]
[Black "Merz, Leander"]
[Result "1/2-1/2"]
[WhiteElo "1733"]
[BlackElo "1470"]
[PlyCount "59"]
[EventDate "2022.??.??"]
[WhiteTeam "SV Erkenschwick"]
[BlackTeam "Schachforum Darmstadt 1994"]

1. d4 g6 2. c4 Bg7 3. Nc3 c5 4. d5 d6 5. e4 Bxc3+ 6. bxc3 Qa5 7. Bd2 Bd7 8. a4
Nf6 9. f3 O-O 10. Ne2 e6 11. Bg5 Kg7 12. Qd2 Re8 13. Qf4 Qd8 14. Qxd6 Nxe4 15.
Qe5+ f6 16. Qxe4 exd5 17. Qxd5 fxg5 18. Qxc5 Qf6 19. Qd4 Re7 20. Kf2 Nc6 21.
Qxf6+ Kxf6 22. Nd4 Ne5 23. Nb5 Be6 24. c5 Nd7 25. Nc7 Rc8 26. Nxe6 Rxe6 27. h4
h5 28. hxg5+ Kxg5 29. g3 Rxc5 30. Bh3 1/2-1/2

[Event "Sparkassen-Open B"]
[Site "Heusenstamm, Martinsee"]
[Date "2022.11.18"]
[Round "3.3"]
[White "Schmid, Leon"]
[Black "Mandalka, Justus"]
[Result "1-0"]
[WhiteElo "1568"]
[BlackElo "1464"]
[PlyCount "99"]
[EventDate "2022.??.??"]
[WhiteTeam "Sfr.Heidesheim"]
[BlackTeam "SK Bad Homburg 1927"]

1. e4 c5 2. Nf3 Nc6 3. g3 g6 4. Bg2 Bg7 5. O-O Nf6 6. d3 O-O 7. h3 d6 8. Nc3
Bd7 9. Be3 Rc8 10. Qd2 Qa5 11. a4 Rfd8 12. Bh6 Bh8 13. Ng5 Nd4 14. Nd5 Nxd5 15.
Qxa5 Nb4 16. Qxa7 Ndc6 17. Qb6 Bxb2 18. Rab1 Bf6 19. Rfc1 Nd4 20. Rxb4 cxb4 21.
Kf1 Bxa4 22. Qxb4 Bxc2 23. Rxc2 Rxc2 24. Nf3 Ne6 25. Qxb7 Rc7 26. Qb6 Rdc8 27.
h4 Rc6 28. Qb5 Rc5 29. Qb6 R5c6 30. Qb5 Rc5 31. Qb4 Rd8 32. Bh3 Bc3 33. Qb6 Ba5
34. Qb7 Rc7 35. Qd5 Rc5 36. Qa2 Ng7 37. Be3 Rb5 38. Nd4 Rh5 39. Bg4 Bc3 40.
Bxh5 Bxd4 41. Bxd4 Nxh5 42. Qd2 d5 43. exd5 Rxd5 44. Qc3 Rd8 45. Be5 Nf6 46.
Bxf6 exf6 47. d4 h5 48. Qc5 f5 49. d5 Kg7 50. d6 1-0

[Event "Sparkassen-Open B"]
[Site "Heusenstamm, Martinsee"]
[Date "2022.11.18"]
[Round "3.4"]
[White "Englert, Fred"]
[Black "Billerbeck, Nick"]
[Result "1/2-1/2"]
[WhiteElo "1713"]
[BlackElo "1582"]
[PlyCount "88"]
[EventDate "2022.??.??"]
[WhiteTeam "SK Klingenberg"]
[BlackTeam "SV Unterkochen"]

1. c4 e5 2. g3 Nf6 3. Bg2 d5 4. cxd5 Nxd5 5. Nc3 Nb6 6. Nf3 Nc6 7. b3 Be7 8.
Bb2 O-O 9. O-O Be6 10. d4 exd4 11. Nb5 d3 12. exd3 a6 13. Nbd4 Nxd4 14. Nxd4
Bd5 15. Nf3 Bf6 16. Bxf6 Qxf6 17. Rc1 c6 18. Re1 Rfe8 19. Nd2 Bxg2 20. Kxg2 Qd4
21. Nf3 Qd5 22. Qd2 Nd7 23. d4 Qb5 24. Re3 Rxe3 25. Qxe3 Qd5 26. Re1 Rf8 27.
Kg1 h6 28. Nd2 Nf6 29. Ne4 Nxe4 30. Qxe4 Qxe4 31. Rxe4 f6 32. Kf1 Kf7 33. Ke2
Rd8 34. Kd3 Rd5 35. Kc4 a5 36. a4 b6 37. f4 g6 38. g4 h5 39. h3 f5 40. gxf5
Rxf5 41. h4 Rf6 42. b4 axb4 43. Kxb4 Re6 44. Re5 Kf6 1/2-1/2

[Event "Sparkassen-Open B"]
[Site "Heusenstamm, Martinsee"]
[Date "2022.11.18"]
[Round "3.5"]
[White "Jordake, Michael"]
[Black "Sheng, Ming"]
[Result "0-1"]
[WhiteElo "1697"]
[BlackElo "1385"]
[PlyCount "108"]
[EventDate "2022.??.??"]
[WhiteTeam "SC Bergen-Enkheim 1922"]
[BlackTeam "SC Rochade Saarlouis 1993"]

1. Nc3 c5 2. Nf3 e6 3. e4 Nc6 4. g3 d6 5. Bg2 Nf6 6. O-O Be7 7. d3 O-O 8. Ne2
a6 9. c3 Qc7 10. Bf4 e5 11. Bd2 b5 12. b3 Bb7 13. Bg5 h6 14. Bxf6 Bxf6 15. Nd2
Rad8 16. Re1 Ne7 17. c4 Ng6 18. Nc3 b4 19. Nd5 Bxd5 20. cxd5 Bg5 21. Nc4 Be7
22. Bh3 Bg5 23. Bg4 Ne7 24. h4 Bf6 25. Rc1 g6 26. Rc2 Bg7 27. Ne3 f5 28. Bh3 f4
29. Be6+ Kh7 30. Ng4 h5 31. Nh2 fxg3 32. fxg3 Ng8 33. Nf3 Bh6 34. Rf1 Qe7 35.
Bxg8+ Kxg8 36. Rg2 Be3+ 37. Kh1 Rf7 38. Qe2 Bd4 39. Ng5 Rxf1+ 40. Qxf1 Rf8 41.
Qe2 Rf6 42. Nf3 Qf7 43. Nxd4 cxd4 44. Kg1 Rf3 45. Qc2 Kg7 46. Qe2 Re3 47. Qc2
Re1+ 48. Kh2 Qf1 49. Kh3 Qh1+ 50. Rh2 Qf3 51. Qc7+ Kh6 52. Qc8 Qf6 53. Qe6 Qf1+
54. Rg2 Re2 0-1

[Event "Sparkassen-Open B"]
[Site "Heusenstamm, Martinsee"]
[Date "2022.11.18"]
[Round "3.6"]
[White "Müller, Riyanna"]
[Black "Rödel, Jannis"]
[Result "1-0"]
[WhiteElo "1475"]
[BlackElo "1451"]
[PlyCount "115"]
[EventDate "2022.??.??"]
[WhiteTeam "SC Landskrone"]
[BlackTeam "SVG CAISSA Kassel"]

1. e4 e5 2. Nf3 Nc6 3. Bc4 Bc5 4. c3 Nf6 5. d3 d6 6. O-O O-O 7. Bb3 Ne7 8. Nbd2
Ng6 9. Re1 Re8 10. Nf1 d5 11. exd5 Nxd5 12. d4 Bb6 13. Nxe5 Be6 14. Nxg6 hxg6
15. Ne3 Nf6 16. Nc4 Qd7 17. Nxb6 axb6 18. Be3 Qd6 19. Bc2 Ng4 20. g3 Qd5 21. f3
Nxe3 22. Rxe3 Rxa2 23. Rxa2 Qxa2 24. Qc1 Qc4 25. b3 Qd5 26. Qd1 Rd8 27. Be4
Qxb3 28. Qxb3 Bxb3 29. Bxb7 c5 30. d5 Bxd5 31. Rd3 Bxb7 32. Rxd8+ Kh7 33. Kf2
b5 34. Rb8 Bc6 35. Rc8 Bd5 36. Rxc5 Bc4 37. Ke3 f6 38. Rxc4 bxc4 39. Kd4 Kg8
40. Kxc4 Kf7 41. Kd5 Ke7 42. c4 Kd7 43. c5 g5 44. c6+ Kc7 45. Ke6 Kxc6 46. Kf7
Kd6 47. Kxg7 Ke5 48. Kg6 Ke6 49. h4 gxh4 50. gxh4 Ke7 51. h5 Kf8 52. Kxf6 Kg8
53. Kg6 Kh8 54. f4 Kg8 55. f5 Kh8 56. f6 Kg8 57. f7+ Kf8 58. h6 1-0

[Event "Sparkassen-Open B"]
[Site "Heusenstamm, Martinsee"]
[Date "2022.11.18"]
[Round "3.7"]
[White "Derr, Oleg"]
[Black "Gold, Jan Christian"]
[Result "1/2-1/2"]
[WhiteElo "1497"]
[BlackElo "1564"]
[PlyCount "31"]
[EventDate "2022.??.??"]
[WhiteTeam "VSG 1880 Offenbach"]
[BlackTeam "SK Bad Homburg 1927"]

1. d4 Nf6 2. c4 g6 3. Nc3 d5 4. cxd5 Nxd5 5. e4 Nxc3 6. bxc3 Bg7 7. Bc4 c5 8.
Nf3 Nc6 9. Be3 Qa5 10. Qd2 Bg4 11. Ng5 cxd4 12. cxd4 Qxd2+ 13. Kxd2 O-O 14. h3
Bd7 15. e5 e6 16. Rab1 1/2-1/2

[Event "Sparkassen-Open B"]
[Site "Heusenstamm, Martinsee"]
[Date "2022.11.18"]
[Round "3.8"]
[White "Reitz, Helmut"]
[Black "Deboer, Alex"]
[Result "1/2-1/2"]
[WhiteElo "1656"]
[BlackElo "1206"]
[PlyCount "134"]
[EventDate "2022.??.??"]
[WhiteTeam "SV Würzburg von 1865"]
[BlackTeam "SK Bickenbach"]

1. d4 Nf6 2. Nf3 g6 3. c4 Bg7 4. Nc3 O-O 5. e4 d6 6. Be2 e5 7. Bg5 h6 8. Bh4 g5
9. dxe5 Nh5 10. Bg3 Nxg3 11. hxg3 dxe5 12. Qc2 c6 13. Rd1 Qe7 14. a3 a5 15. Qd2
Be6 16. Qd6 Qxd6 17. Rxd6 Nd7 18. O-O Nb6 19. c5 Nd7 20. Na4 Rfd8 21. Rfd1 Bf8
22. R6d2 Be7 23. Nb6 Nxb6 24. cxb6 f6 25. Nh2 Bb3 26. Rxd8+ Rxd8 27. Rc1 Rd2
28. Bg4 Rc2 29. Rxc2 Bxc2 30. Bc8 Bxe4 31. Bxb7 Bc5 32. Nf1 Bxb6 33. b4 axb4
34. axb4 Kf8 35. b5 Ke7 36. Nd2 Bd5 37. bxc6 Kd6 38. Bc8 Ba5 39. Nf1 Bxc6 40.
Ne3 Kc7 41. Bg4 Bb4 42. Nc2 Bc5 43. Ne1 e4 44. Nc2 Kd6 45. Ne3 Bxe3 46. fxe3
Ke5 47. Kf2 Be8 48. Bd1 h5 49. Be2 f5 50. Bd1 Kf6 51. Be2 g4 52. Bd1 Kg5 53.
Be2 Ba4 54. Bf1 Bc2 55. Ba6 Bd1 56. Bc8 Ba4 57. Be6 Be8 58. Bc8 Bg6 59. Ba6 h4
60. gxh4+ Kxh4 61. g3+ Kh3 62. Bc8 Kh2 63. Bd7 f4 64. exf4 e3+ 65. Kxe3 Kxg3
66. Bxg4 Kxg4 67. f5 Bxf5 1/2-1/2

[Event "Sparkassen-Open B"]
[Site "Heusenstamm, Martinsee"]
[Date "2022.11.18"]
[Round "3.10"]
[White "Repac, Nicola"]
[Black "Fernandez Garcia, Alfonso Javier"]
[Result "0-1"]
[WhiteElo "1457"]
[BlackElo "1610"]
[PlyCount "68"]
[EventDate "2022.??.??"]
[WhiteTeam "SV KS 1929 Großauheim"]
[BlackTeam "SV 1926 Neu-Isenburg"]

1. e4 e6 2. d4 d5 3. e5 c5 4. Nf3 Nc6 5. Bb5 Qb6 6. Nc3 Bd7 7. Bxc6 Bxc6 8. O-O
h6 9. Be3 Qxb2 10. Qd2 c4 11. Rfb1 Qa3 12. Nb5 Bxb5 13. Rxb5 b6 14. c3 Ne7 15.
Nh4 Nc6 16. Qc2 Be7 17. Nf3 Bd8 18. Bc1 Qa6 19. a4 Na5 20. Ba3 Nb3 21. Rxb3
cxb3 22. Qxb3 Rc8 23. Nd2 Qb7 24. c4 Be7 25. c5 O-O 26. a5 Rfe8 27. axb6 axb6
28. cxb6 Ra8 29. Nb1 Bxa3 30. Rxa3 Rxa3 31. Nxa3 Rb8 32. f3 Qxb6 33. Qxb6 Rxb6
34. Nc2 Rb1+ 0-1

[Event "Sparkassen-Open B"]
[Site "Heusenstamm, Martinsee"]
[Date "2022.11.18"]
[Round "3.11"]
[White "Pradeep, Harshill"]
[Black "Huck, Robert"]
[Result "0-1"]
[WhiteElo "1320"]
[BlackElo "1782"]
[PlyCount "32"]
[EventDate "2022.??.??"]
[WhiteTeam "SK Bickenbach"]
[BlackTeam "SC Königsspringer Alzenau"]

1. e4 e5 2. Nf3 Nc6 3. d4 exd4 4. Bc4 Nf6 5. e5 d5 6. Bb5 Ne4 7. Nxd4 Bc5 8.
O-O O-O 9. Nxc6 bxc6 10. Bxc6 Ba6 11. Be3 Bxe3 12. fxe3 Bxf1 13. Bxa8 Bxg2 14.
Bxd5 Qg5 15. Qd3 Bh3+ 16. Kh1 Qg2# 0-1

[Event "Sparkassen-Open B"]
[Site "Heusenstamm, Martinsee"]
[Date "2022.11.18"]
[Round "3.12"]
[White "Peng, Jay Jiaxi"]
[Black "Eremenko, Christian"]
[Result "1/2-1/2"]
[WhiteElo "1612"]
[BlackElo "1785"]
[PlyCount "57"]
[EventDate "2022.??.??"]
[WhiteTeam "SV Oberursel"]
[BlackTeam "SV KS 1929 Großauheim"]

1. e4 d5 2. d4 dxe4 3. Nc3 Nf6 4. f3 exf3 5. Nxf3 Bg4 6. Bc4 e6 7. Be3 Bb4 8.
O-O O-O 9. Ne2 Nbd7 10. c3 Bd6 11. Bd3 e5 12. dxe5 Bxe5 13. Qc2 Re8 14. Bg5
Bxf3 15. Rxf3 Bxh2+ 16. Kh1 Bd6 17. Bxh7+ Kf8 18. Nd4 Qe7 19. Qf2 Qe5 20. Qh4
Nxh7 21. Rf5 Qh2+ 22. Qxh2 Bxh2 23. Kxh2 Nxg5 24. Rxg5 c6 25. Rf1 Rad8 26. Nf5
Re5 27. Nxg7 Rxg5 28. Ne6+ Ke7 29. Nxg5 1/2-1/2

[Event "Sparkassen-Open B"]
[Site "Heusenstamm, Martinsee"]
[Date "2022.11.18"]
[Round "3.13"]
[White "Bigott, Martin"]
[Black "König, Frank"]
[Result "1/2-1/2"]
[WhiteElo "1772"]
[BlackElo "1615"]
[PlyCount "59"]
[EventDate "2022.??.??"]
[WhiteTeam "SK Köln-Südwest"]
[BlackTeam "SV Steinhausen"]

1. d4 g6 2. e4 Bg7 3. Nf3 d6 4. Be3 Nd7 5. Bc4 e6 6. c3 Ne7 7. Ng5 Nf6 8. Nd2
a6 9. a4 h6 10. Ngf3 b6 11. b3 Bb7 12. e5 dxe5 13. dxe5 Nd7 14. Bf4 O-O 15. O-O
Kh7 16. Re1 Nc5 17. Qc2 Nd5 18. Bg3 Ra7 19. Rad1 Qa8 20. b4 Nd7 21. Ne4 Rd8 22.
Bh4 Re8 23. Bg3 Rd8 24. Bd3 Ne7 25. Nf6+ Bxf6 26. exf6 Nd5 27. Nh4 Nf8 28. Be5
Rd7 29. Qb1 Qd8 30. Bc2 1/2-1/2

[Event "Sparkassen-Open B"]
[Site "Heusenstamm, Martinsee"]
[Date "2022.11.18"]
[Round "3.14"]
[White "Wu, Sifan"]
[Black "Mammadov, Kamal"]
[Result "1-0"]
[WhiteElo "1659"]
[BlackElo "1481"]
[PlyCount "83"]
[EventDate "2022.??.??"]
[WhiteTeam "SV Oberursel"]
[BlackTeam "SC Aschaffenburg"]

1. c4 g6 2. g3 Nf6 3. Nc3 Bg7 4. Bg2 e5 5. Nf3 d6 6. O-O O-O 7. d3 Nbd7 8. Qc2
Nc5 9. b4 Ne6 10. Bb2 Nh5 11. e4 f5 12. exf5 gxf5 13. Rae1 c6 14. Na4 Ng5 15.
c5 Nf7 16. Qb3 Kh8 17. Re2 f4 18. d4 b5 19. Nc3 exd4 20. Ne4 d5 21. Ned2 fxg3
22. fxg3 Bg4 23. Ree1 Ng5 24. Bxd4 Bxd4+ 25. Nxd4 Qc7 26. Qe3 Nh3+ 27. Kh1 Nf2+
28. Rxf2 Rfe8 29. Qxe8+ Rxe8 30. Rxe8+ Kg7 31. Ne6+ Bxe6 32. Rxe6 Qd7 33. Bh3
Qc7 34. Rfe2 Qd8 35. Re7+ Kg6 36. R2e6+ Nf6 37. Nf3 Qf8 38. Ne5+ Kg5 39. Rf7
Qh6 40. Bg2 Kh5 41. Bf3+ Kg5 42. h4+ 1-0

[Event "Sparkassen-Open B"]
[Site "Heusenstamm, Martinsee"]
[Date "2022.11.18"]
[Round "3.15"]
[White "Sitta, Stefan"]
[Black "Dubinker, Philipp"]
[Result "0-1"]
[WhiteElo "1611"]
[BlackElo "1614"]
[PlyCount "110"]
[EventDate "2022.??.??"]
[WhiteTeam "Sfr Stiller Zug Wiesbaden"]
[BlackTeam "SK Marburg 1931/72"]

1. e4 e5 2. Nf3 Nc6 3. Bc4 Bc5 4. c3 Nf6 5. d3 O-O 6. b4 Bb6 7. a4 a6 8. O-O d6
9. h3 h6 10. Nbd2 d5 11. exd5 Nxd5 12. Bb2 Re8 13. Ne4 f5 14. Ng3 Kh8 15. Re1
Nf4 16. Bc1 Nd5 17. Bb2 Qd6 18. Nh4 Nce7 19. Qh5 Nf6 20. Qe2 g5 21. Nf3 Ng6 22.
Rad1 Nf4 23. Qd2 e4 24. dxe4 Nxh3+ 25. Kh2 Ng4+ 26. Kxh3 Nxf2+ 27. Kh2 Nxd1 28.
Qxd6 cxd6 29. Rxd1 fxe4 30. Bf7 Re7 31. c4+ Kh7 32. Bh5 exf3 33. Bxf3 Bc7 34.
Bd5 Rb8 35. Nh5 Bf5 36. Rf1 Kg6 37. Ng3 Bc2 38. Rf6+ Kh7 39. a5 b6 40. Nf5 Bxf5
41. Rxf5 bxa5 42. Bf6 Kg6 43. Rf3 Ree8 44. bxa5 Bxa5 45. Bd4 Rf8 46. Be4+ Kh5
47. Rh3+ Kg4 48. Rxh6 Rf4 49. Bf3+ Rxf3 50. gxf3+ Kxf3 51. Rf6+ Ke4 52. Bf2 Rc8
53. Kh3 Bb4 54. Kg4 Rxc4 55. Re6+ Kd5+ 0-1

[Event "Sparkassen-Open B"]
[Site "Heusenstamm, Martinsee"]
[Date "2022.11.18"]
[Round "3.16"]
[White "Sasikumar Anitha, Sarvesh"]
[Black "Raghavan, Badrinarayanan"]
[Result "1/2-1/2"]
[WhiteElo "1563"]
[BlackElo "1667"]
[PlyCount "42"]
[EventDate "2022.??.??"]
[WhiteTeam "TuS Makkabi Ffm"]
[BlackTeam "SK 1858 Gießen"]

1. e4 d5 2. exd5 Nf6 3. d4 Nxd5 4. Nf3 Bf5 5. c3 c6 6. Bc4 h6 7. Qb3 b5 8. Bxd5
Qxd5 9. Qxd5 cxd5 10. Bf4 e6 11. Nbd2 Bd3 12. Ne5 Bh7 13. O-O f6 14. Nef3 g5
15. Bg3 Nc6 16. Rfe1 Kf7 17. Re3 h5 18. h3 Re8 19. b4 g4 20. hxg4 hxg4 21. Nh2
Bh6 1/2-1/2

[Event "Sparkassen-Open B"]
[Site "Heusenstamm, Martinsee"]
[Date "2022.11.18"]
[Round "3.17"]
[White "Schneider, Udo"]
[Black "Jansen, Malte"]
[Result "1/2-1/2"]
[WhiteElo "1667"]
[BlackElo "1396"]
[PlyCount "43"]
[EventDate "2022.??.??"]
[WhiteTeam "SK Marburg 1931/72"]
[BlackTeam "SJ Herborn 1998"]

1. d4 d5 2. Nf3 Bf5 3. c4 e6 4. a3 Nf6 5. Bg5 Be7 6. Nc3 Nbd7 7. cxd5 exd5 8.
e3 c6 9. Be2 O-O 10. O-O h6 11. Bh4 Ne4 12. Bxe7 Qxe7 13. Rc1 Ndf6 14. Ne5 Rac8
15. Nxe4 Nxe4 16. Bg4 Qe6 17. Bxf5 Qxf5 18. b4 Rc7 19. Qc2 Rfc8 20. f3 Nd6 21.
Qc5 Qe6 22. Qc3 1/2-1/2

[Event "Sparkassen-Open B"]
[Site "Heusenstamm, Martinsee"]
[Date "2022.11.18"]
[Round "3.18"]
[White "Papadopoulos, Leon"]
[Black "Spelleken, Mark"]
[Result "1-0"]
[WhiteElo "1399"]
[BlackElo "1520"]
[PlyCount "55"]
[EventDate "2022.??.??"]
[WhiteTeam "SV Oberursel"]
[BlackTeam "SC Kahl"]

1. e4 c5 2. Nf3 d6 3. d4 cxd4 4. Nxd4 Nc6 5. Nc3 Nf6 6. f3 g6 7. Be3 Bg7 8. Qd2
Nxd4 9. Bxd4 O-O 10. h4 h5 11. O-O-O a6 12. Be2 Kh7 13. Rdg1 Bh6 14. Be3 Bxe3
15. Qxe3 Rh8 16. g4 Qa5 17. gxh5 Nxh5 18. Rg5 e5 19. Nd5 Kg7 20. Bc4 b5 21. Bb3
Rb8 22. f4 exf4 23. Qd4+ Kg8 24. Ne7+ Kh7 25. Bxf7 Ng7 26. Bxg6+ Kh6 27. Rh5+
Nxh5 28. Qxh8# 1-0

[Event "Sparkassen-Open B"]
[Site "Heusenstamm, Martinsee"]
[Date "2022.11.18"]
[Round "3.19"]
[White "Pichl, Christoph"]
[Black "Mohr, Alwin"]
[Result "1/2-1/2"]
[WhiteElo "1643"]
[BlackElo "1494"]
[PlyCount "72"]
[EventDate "2022.??.??"]
[WhiteTeam "SK Bad Homburg 1927"]
[BlackTeam "SV Oberursel"]

1. d4 d5 2. c4 e6 3. Nf3 Nf6 4. Nc3 h6 5. Bf4 Bb4 6. e3 c6 7. Rc1 Nbd7 8. a3
Bxc3+ 9. bxc3 Nb6 10. c5 Nbd7 11. Be2 O-O 12. O-O g5 13. Bd6 Re8 14. Bd3 b6 15.
cxb6 Nxb6 16. Be5 Nbd7 17. c4 Ba6 18. Qa4 Bxc4 19. Bxc4 Nb6 20. Qxc6 Nxc4 21.
Qa4 Ne4 22. h3 Qe7 23. Ra1 Rec8 24. Rfb1 Nc3 25. Qb4 Qxb4 26. Rxb4 Nxe5 27.
Nxe5 Rab8 28. Nd7 Rxb4 29. axb4 Rc7 30. Nc5 Kf8 31. Kf1 Ke7 32. Ra5 Ne4 33.
Nxe4 dxe4 34. Rc5 Kd6 35. Ke2 Rb7 36. Rc4 Kd5 1/2-1/2

[Event "Sparkassen-Open B"]
[Site "Heusenstamm, Martinsee"]
[Date "2022.11.18"]
[Round "3.21"]
[White "Karres, David Tobias"]
[Black "Schulze, Fabian"]
[Result "1/2-1/2"]
[WhiteElo "1370"]
[BlackElo "1725"]
[PlyCount "86"]
[EventDate "2022.??.??"]
[WhiteTeam "SF Heidelberg"]
[BlackTeam "SC Steinbach"]

1. e4 d5 2. exd5 Qxd5 3. Nc3 Qa5 4. d4 c6 5. Nf3 Bg4 6. Be2 Nf6 7. Ne5 Bxe2 8.
Kxe2 e6 9. Re1 Be7 10. Kf1 Nbd7 11. Qf3 Qc7 12. Bf4 Bd6 13. Nxd7 Qxd7 14. Rad1
Bxf4 15. Qxf4 O-O-O 16. Ne4 Nd5 17. Qf3 h6 18. Nc5 Qc7 19. Kg1 Nb6 20. b3 Rd5
21. c4 Rf5 22. Qg4 Rg5 23. Qf3 Rd8 24. h4 Rf5 25. Qg4 g6 26. Nd3 Nd7 27. Qe2 h5
28. Qe3 Rh8 29. Ne5 Nf6 30. d5 exd5 31. cxd5 Nxd5 32. Rxd5 cxd5 33. Rc1 Qxc1+
34. Qxc1+ Kb8 35. Qc3 Rd8 36. Qd4 Re8 37. Nd3 Re4 38. Qh8+ Kc7 39. g3 d4 40. f3
Re3 41. Qxd4 Rfxf3 42. Qc4+ Kb8 43. Nc5 Rxg3+ 1/2-1/2

[Event "Sparkassen-Open B"]
[Site "Heusenstamm, Martinsee"]
[Date "2022.11.18"]
[Round "3.22"]
[White "Füssel, Jan Michael"]
[Black "Kirchner, Stefan"]
[Result "1-0"]
[WhiteElo "1754"]
[BlackElo "1577"]
[PlyCount "43"]
[EventDate "2022.??.??"]
[WhiteTeam "VSG 1880 Offenbach"]
[BlackTeam "SF Schöneck"]

1. b3 f5 2. Bb2 d6 3. f4 Nc6 4. Nf3 Nf6 5. e3 Bd7 6. Nc3 a6 7. Bc4 e6 8. O-O
Qe7 9. Qe2 d5 10. Bd3 g6 11. Rfc1 O-O-O 12. Bxa6 Bg7 13. Qb5 bxa6 14. Qxa6+ Kb8
15. Nb5 Qc5 16. Ba3 Qb6 17. Qa4 Qa5 18. Rab1 Bc8 19. Ne5 Qxa4 20. Nxc6+ Ka8 21.
bxa4 Rd7 22. Nxc7+ 1-0

[Event "Sparkassen-Open B"]
[Site "Heusenstamm, Martinsee"]
[Date "2022.11.18"]
[Round "3.23"]
[White "Bergner, Matthias"]
[Black "Degenhardt, Andreas"]
[Result "0-1"]
[WhiteElo "1574"]
[BlackElo "1744"]
[PlyCount "96"]
[EventDate "2022.??.??"]
[WhiteTeam "SV 1926 Neu-Isenburg"]
[BlackTeam "SC 1970 Lorsch"]

1. d4 d5 2. Nf3 Nf6 3. g3 Nbd7 4. Bg2 b5 5. O-O e6 6. c3 c5 7. dxc5 Bxc5 8. b4
Bd6 9. a4 bxa4 10. Qxa4 O-O 11. Be3 Nb6 12. Bxb6 Qxb6 13. Nd4 Be5 14. e3 Bd7
15. Qa6 Qxa6 16. Rxa6 Bxd4 17. exd4 Bb5 18. Ra5 Bxf1 19. Kxf1 Rfc8 20. Rc5 Nd7
21. Rxc8+ Rxc8 22. Ke2 Rc6 23. Kd3 Nb6 24. Nd2 Na4 25. Nb1 Nb2+ 26. Kc2 Nc4 27.
Bf1 f6 28. Kb3 e5 29. Bg2 e4 30. Bf1 e3 31. fxe3 Nxe3 32. Be2 Kf7 33. b5 Rb6
34. Kb4 g5 35. Nd2 g4 36. Kc5 Re6 37. c4 Nxc4 38. Bxc4 dxc4 39. Nxc4 Ke7 40.
Na5 Kd7 41. Nc6 Re2 42. Nxa7 Rc2+ 43. Kb6 Rxh2 44. Nc6 Ra2 45. Kc5 h5 46. d5
Rc2+ 47. Kd4 h4 48. gxh4 g3 0-1

[Event "Sparkassen-Open B"]
[Site "Heusenstamm, Martinsee"]
[Date "2022.11.18"]
[Round "3.24"]
[White "Fischer, Lutz"]
[Black "Sensoy, Emir"]
[Result "1-0"]
[WhiteElo "1707"]
[BlackElo "1323"]
[PlyCount "61"]
[EventDate "2022.??.??"]
[WhiteTeam "SF Frankfurt"]
[BlackTeam "MSA Zugzwang 82"]

1. e4 c5 2. Nf3 d6 3. Bb5+ Bd7 4. Bxd7+ Nxd7 5. O-O Ngf6 6. Qe2 g6 7. c3 Bg7 8.
d4 O-O 9. Rd1 Qc7 10. e5 dxe5 11. dxe5 Ng4 12. e6 Nb6 13. exf7+ Rxf7 14. Qe6
Qc8 15. Qe2 Qf5 16. h3 Ne5 17. Nxe5 Bxe5 18. Nd2 Raf8 19. Nf3 Bf4 20. Bxf4 Qxf4
21. b3 g5 22. Rd2 g4 23. Ne5 Rg7 24. Nxg4 Qf5 25. Nh6+ Kh8 26. Nxf5 Rxf5 27.
Rd8+ Rg8 28. Qxe7 Rxd8 29. Qxd8+ Kg7 30. Re1 Rd5 31. Qe7+ 1-0

[Event "Sparkassen-Open B"]
[Site "Heusenstamm, Martinsee"]
[Date "2022.11.18"]
[Round "3.25"]
[White "Vinogradov, Ilia"]
[Black "Kähm, Kevin"]
[Result "1-0"]
[WhiteElo "1253"]
[BlackElo "1696"]
[PlyCount "75"]
[EventDate "2022.??.??"]
[WhiteTeam "SV Walldorf"]
[BlackTeam "SK Bischofsheim"]

1. e4 d6 2. d4 Nf6 3. Nc3 g6 4. Bc4 Bg7 5. Bf4 O-O 6. Nf3 Bg4 7. h3 Bxf3 8.
Qxf3 c6 9. O-O Qb6 10. e5 dxe5 11. dxe5 Nfd7 12. Bb3 Nxe5 13. Qe2 Nbd7 14. Qd2
Rad8 15. Bh6 Nc5 16. Qe3 Nxb3 17. Qxb6 axb6 18. Bxg7 Kxg7 19. axb3 Rd2 20. Rfe1
f6 21. f4 Nf7 22. Rxe7 Rxc2 23. Rxb7 Rxb2 24. Rxb6 g5 25. fxg5 Nxg5 26. Rb1
Rxb1+ 27. Nxb1 Rd8 28. Nc3 Rd6 29. b4 Rd4 30. Kf1 Ne4 31. Na4 Kg6 32. Nc5 Rc4
33. Na6 Nc3 34. Ke1 Nd5 35. Rb8 Rc2 36. Rc8 Rb2 37. Rb8 Rxg2 38. Rg8+ 1-0

[Event "Sparkassen-Open B"]
[Site "Heusenstamm, Martinsee"]
[Date "2022.11.18"]
[Round "3.26"]
[White "Neininger, Sarah"]
[Black "Bengsch, Norbert"]
[Result "1/2-1/2"]
[WhiteElo "1434"]
[BlackElo "1667"]
[PlyCount "62"]
[EventDate "2022.??.??"]
[WhiteTeam "VSG 1880 Offenbach"]
[BlackTeam "SG Donautal Tuttlingen"]

1. e4 d5 2. exd5 Nf6 3. Bb5+ Nbd7 4. Nf3 Nxd5 5. O-O c6 6. Bc4 N7f6 7. d3 Bg4
8. Nbd2 e6 9. h3 Bh5 10. Re1 Bd6 11. Ne4 h6 12. Nxd6+ Qxd6 13. Qe2 O-O-O 14. g4
Bg6 15. Ne5 Rde8 16. Nxg6 fxg6 17. Qe5 Qxe5 18. Rxe5 Kd7 19. Bd2 Kd6 20. Rae1
Nd7 21. R5e2 b5 22. Bxd5 Kxd5 23. Bc3 Nf6 24. Re5+ Kd6 25. Bb4+ Kd7 26. Bc5 a6
27. Kg2 g5 28. Kg3 Nd5 29. h4 gxh4+ 30. Kxh4 g5+ 31. Kg3 Rhg8 1/2-1/2

[Event "Sparkassen-Open B"]
[Site "Heusenstamm, Martinsee"]
[Date "2022.11.18"]
[Round "3.27"]
[White "Herrmann, Gerhard"]
[Black "Burlutskaia, Maria"]
[Result "0-1"]
[WhiteElo "1528"]
[BlackElo "1522"]
[PlyCount "112"]
[EventDate "2022.??.??"]
[WhiteTeam "SC Königsspringer Alzenau"]
[BlackTeam "SG Porz"]

1. e4 e5 2. d4 exd4 3. Qxd4 Nc6 4. Qe3 Nf6 5. Nc3 Bb4 6. Bd2 O-O 7. O-O-O Re8
8. Bc4 Bxc3 9. Bxc3 Nxe4 10. Qf4 Nxc3 11. Qxf7+ Kh8 12. bxc3 Ne5 13. Qf4 Nxc4
14. Qxc4 d6 15. Nf3 Be6 16. Qa4 Bd7 17. Qc4 Bc6 18. h4 Re4 19. Qd3 h6 20. Rde1
Qe7 21. Rxe4 Bxe4 22. Qe3 Re8 23. Re1 Qf8 24. Kd2 b6 25. Qe2 Qf4+ 26. Qe3 Qf7
27. a3 c5 28. Kc1 Qa2 29. Re2 Qxa3+ 30. Kb1 Qb3+ 31. Kc1 Qa2 32. Ne1 Re5 33.
Nd3 Re8 34. f3 Bg6 35. Qf2 Rxe2 36. Qxe2 Bxd3 37. Qe8+ Qg8 38. Qxg8+ Kxg8 39.
cxd3 Kf7 40. Kd2 Ke6 41. c4 Ke5 42. Ke3 a5 43. g4 a4 44. f4+ Kf6 45. Kd2 h5 46.
gxh5 Kf5 47. Kc3 Kxf4 48. d4 Kg4 49. dxc5 bxc5 50. Kb2 Kxh5 51. Ka3 Kxh4 52.
Kxa4 g5 53. Kb5 g4 54. Kc6 g3 55. Kxd6 g2 56. Kxc5 g1=Q+ 0-1

[Event "Sparkassen-Open B"]
[Site "Heusenstamm, Martinsee"]
[Date "2022.11.18"]
[Round "3.28"]
[White "Hofmann, Werner"]
[Black "Valean, David-Andrei"]
[Result "1/2-1/2"]
[WhiteElo "1687"]
[BlackElo "1418"]
[PlyCount "86"]
[EventDate "2022.??.??"]
[WhiteTeam "SV 1920 Kelsterbach"]
[BlackTeam "TG Schweinfurt 1848"]

1. d4 Nf6 2. Bf4 d5 3. e3 Bf5 4. c4 e6 5. Qb3 Qc8 6. Nc3 c6 7. Nf3 Nbd7 8. Nh4
Bg4 9. h3 Bh5 10. Bd3 h6 11. Bh2 g5 12. Nf3 Bxf3 13. gxf3 Be7 14. O-O-O Nb6 15.
c5 Nbd7 16. Rdg1 Bd8 17. Bd6 Bc7 18. Bxc7 Qxc7 19. h4 gxh4 20. Rxh4 O-O-O 21.
Rg7 Rdf8 22. Qa4 a6 23. Qd1 Kb8 24. Qb3 Ka7 25. Qd1 e5 26. Bf5 exd4 27. exd4 h5
28. Qd2 Qd8 29. Qg5 Rhg8 30. Bxd7 Rxg7 31. Qxg7 Rg8 32. Qxf7 Nxd7 33. Qxh5 Rg5
34. Qh8 Rg1+ 35. Kc2 Qg5 36. Qh5 Rc1+ 37. Kb3 Qd2 38. Qh7 Qxf2 39. Qh5 Rc2 40.
Nd1 Qe2 41. f4 Qc4+ 42. Ka3 Qd3+ 43. Nc3 Rxc3+ 1/2-1/2